1961年11月急行みやぎの停車駅 - Statistics

General Stats
  • This quiz has been taken 16 times
  • The average score is 13 of 14
Answer Stats
発車時刻 駅名 % Correct
700 上野
100%
730 大宮
100%
810 小山
100%
837 宇都宮
100%
1050 郡山
100%
1142 福島
100%
1303着 仙台
100%
711 赤羽
93%
935 黒磯
93%
1011 白河
93%
917 西那須野
87%
1223 白石
87%
1202 藤田
67%
1003 磐城西郷
60%
No matching quizzes found
Score Distribution
Percent of People with Each Score
Percentile by Number Answered
Your Score History
You have not taken this quiz